|
|
|
|
| LEADER |
00000nam0a2200000 4500 |
| 001 |
286584 |
| 005 |
20231101235915.0 |
| 020 |
|
|
|a RU
|b 85-41804
|
| 035 |
|
|
|a (RuTPU)RU\TPU\book\310904
|
| 090 |
|
|
|a 286584
|
| 100 |
|
|
|a 20150306d1985 km y0rusy5003 ca
|
| 101 |
0 |
|
|a rus
|
| 102 |
|
|
|a UA
|
| 105 |
|
|
|a a g 000zy
|
| 200 |
1 |
|
|a Справочник наладчика промышленного оборудования
|f И. Л. Цымбал [и др.]
|
| 210 |
|
|
|a Харьков
|c Прапор
|d 1985
|
| 215 |
|
|
|a 136 с.
|c ил.
|
| 606 |
1 |
|
|a Промышленное оборудование
|x Наладка
|2 stltpush
|3 (RuTPU)RU\TPU\subj\52277
|9 70763
|
| 610 |
1 |
|
|a справочники
|
| 610 |
1 |
|
|a агрегатные станки
|
| 610 |
1 |
|
|a оснастка
|
| 610 |
1 |
|
|a многооперационные станки
|
| 610 |
1 |
|
|a технические характеристики
|
| 610 |
1 |
|
|a эксплуатация
|
| 675 |
|
|
|a 658.27
|z rus
|v 3
|
| 701 |
|
1 |
|a Цымбал
|b И. Л.
|g Иван Леонидович
|
| 701 |
|
1 |
|a Коваленко
|b А. И.
|
| 701 |
|
1 |
|a Гришкевич
|b А. В.
|
| 701 |
|
1 |
|a Назаренко
|b В. И.
|
| 801 |
|
0 |
|a RU
|b RuMRKP
|c 19950704
|g psbo
|
| 801 |
|
1 |
|a RU
|b 63413507
|c 20150306
|
| 801 |
|
2 |
|a RU
|b 63413507
|c 20170629
|g RCR
|
| 942 |
|
|
|c BK
|